| 000 | 00747nam a22002057a 4500 | ||
|---|---|---|---|
| 999 |
_c162734 _d162734 |
||
| 005 | 20190320114550.0 | ||
| 010 | _aENG-124902 | ||
| 020 |
_a9780199474622 _c895.00 |
||
| 035 | _aEN-108434 | ||
| 037 | _bDBAD/PUB. | ||
| 082 | _a338.954 | ||
| 245 |
_aSustainable development and india: _ced. by Bimal N. Patel [and] Ranita Nagar _bconvergence of law, economics, science, and politics/ |
||
| 260 |
_aNew Delhi _bOxford University Press _c2018 |
||
| 270 |
_a2/11 Ground Floor, Ansari Road, Daryaganj, _bNew Delhi _e110002 |
||
| 300 | v |
_axxv,333p. _c22cm.(Hb) _bill. |
|
| 500 | _aIt includes bibliography, index and about the author. | ||
| 700 | _a Patel, Bimal N. | ||
| 700 | _a Nagar, Ranita | ||
| 942 |
_2ddc _cEN _mSUS _h338.954 |
||